000
00338nam a2200145Ia 4500
100
_a
Alley/C.L&Atwook/K.W
942
_c
RB
654
_a
microelectronics
245
_a
Microelectronics
260
_b
Prentice Hall of International
_a
New Jersey
_c
1986
082
_a
621.3817
_b
ALL/AT
300
_a
542
546
_a
ENGLISH
999
_c
28075
_d
28075